[Event "Hessen-ch Seniors op 11th"]
[Site "Bad Sooden-Allendorf"]
[Date "2015.05.13"]
[Round "5"]
[White "Lubner, Wolfgang"]
[Black "Rollwitz, Juergen"]
[Result "1/2-1/2"]
[WhiteElo "1812"]
[BlackElo "1971"]
[PlyCount "59"]
[EventDate "2015.05.09"]
[EventType "swiss"]
[EventRounds "9"]
[EventCountry "GER"]
[SourceTitle "EXT 2018"]
[Source "ChessBase"]
[SourceDate "2017.10.13"]
[SourceVersion "1"]
[SourceVersionDate "2017.10.13"]
[SourceQuality "1"]

1. e4 e5 2. f4 d5 3. exd5 exf4 4. Nf3 Nf6 5. Bb5+ Bd7 6. Qe2+ Be7 7. Nc3 0-0 8. Bxd7 Nbxd7 9. d4 Nb6 10. Bxf4 Nbxd5 11. Nxd5 Nxd5 12. Qd2 Nxf4 13. Qxf4 Bd6 14. Qh4 Re8+ 15. Kf2 Be7 16. Qg4 Bf6 17. c3 Qd5 18. Rae1 h5 19. Rxe8+ Rxe8 20. Qf4 c5 21. Re1 Rd8 22. dxc5 Qxc5+ 23. Qe3 Qa5 24. a3 Qb5 25. Qe2 Qb6+ 26. Kf1 a6 27. h4 Qc5 28. Qe3 Qc4+ 29. Qe2 Qc7 30. Qf2 1/2-1/2

[Event "Hessen-ch Seniors op 11th"]
[Site "Bad Sooden-Allendorf"]
[Date "2015.05.09"]
[Round "1"]
[White "Lubner, Wolfgang"]
[Black "Selig, Rainer"]
[Result "0-1"]
[WhiteElo "1812"]
[BlackElo "2103"]
[PlyCount "58"]
[EventDate "2015.05.09"]
[EventType "swiss"]
[EventRounds "9"]
[EventCountry "GER"]
[SourceTitle "EXT 2018"]
[Source "ChessBase"]
[SourceDate "2017.10.13"]
[SourceVersion "1"]
[SourceVersionDate "2017.10.13"]
[SourceQuality "1"]

1. e4 c5 2. d4 cxd4 3. c3 dxc3 4. Nxc3 Nc6 5. Bc4 e6 6. Nf3 a6 7. a4 Nge7 8. 0-0 Ng6 9. Qe2 Be7 10. e5 0-0 11. Re1 Qc7 12. b3 b6 13. Bb2 Bb7 14. Rad1 Na5 15. Ne4 Nxc4 16. Rc1 Bxe4 17. Rxc4 Bc6 18. b4 b5 19. axb5 axb5 20. Rd4 Ra2 21. Rc1 Qb7 22. Ne1 Rc8 23. Nd3 Bd5 24. Nc5 Qa7 25. Rd2 Bg5 26. Rxd5 Bxc1 27. Rxd7 Qa8 28. Nd3 Bxb2 29. Nxb2 Rc1+ 0-1

[Event "GER-chB Seniors 26th"]
[Site "Bad Neuenahr"]
[Date "2014.08.11"]
[Round "7"]
[White "Lubner, Wolfgang"]
[Black "Siegl, Wolfgang"]
[Result "1/2-1/2"]
[WhiteElo "1800"]
[BlackElo "1783"]
[PlyCount "55"]
[EventDate "2014.08.05"]
[EventType "swiss"]
[EventRounds "9"]
[EventCountry "GER"]
[SourceTitle "EXT 2018"]
[Source "ChessBase"]
[SourceDate "2017.10.13"]
[SourceVersion "1"]
[SourceVersionDate "2017.10.13"]
[SourceQuality "1"]

1. e4 c6 2. Nc3 d6 3. Bc4 Nf6 4. d4 d5 5. exd5 cxd5 6. Bb5+ Nc6 7. Nge2 e6 8. Bg5 Be7 9. Qd2 0-0 10. 0-0 a6 11. Bxc6 bxc6 12. Nc1 a5 13. Nd3 Ba6 14. Rfe1 Bxd3 15. Qxd3 c5 16. dxc5 Bxc5 17. Re2 h6 18. Bh4 Be7 19. Rae1 Re8 20. Nb5 Ne4 21. Bxe7 Rxe7 22. Qe3 Rb7 23. c4 Nd6 24. Nxd6 Qxd6 25. Qd3 Rd8 26. cxd5 Qxd5 27. Qxd5 exd5 28. b3 1/2-1/2

[Event "Niedersachsen-ch Seniors op 14th"]
[Site "Bad Bevensen"]
[Date "2011.07.05"]
[Round "1"]
[White "Eidelmann, Vova"]
[Black "Lubner, Wolfgang"]
[Result "1-0"]
[WhiteElo "1909"]
[BlackElo "1580"]
[PlyCount "68"]
[EventDate "2011.07.05"]
[EventType "swiss"]
[EventRounds "9"]
[EventCountry "GER"]
[SourceTitle "EXT 2012"]
[Source "ChessBase"]
[SourceDate "2011.11.24"]
[SourceVersion "1"]
[SourceVersionDate "2011.11.24"]
[SourceQuality "1"]

1. d4 Nf6 2. c4 c6 3. Nc3 e6 4. e4 d5 5. e5 Ng8 6. c5 b6 7. cxb6 axb6 8. Nf3 Ba6 9. Bxa6 Nxa6 10. 0-0 Ne7 11. Bg5 h6 12. Bh4 g5 13. Bg3 Nf5 14. Qd2 Be7 15. Ne1 g4 16. Nc2 h5 17. Bf4 Rg8 18. Ne3 Nh4 19. Bg3 Ng6 20. f4 c5 21. Nc2 cxd4 22. Nxd4 h4 23. Be1 Nf8 24. Na4 Nc5 25. Nxc5 Bxc5 26. b4 Bxd4+ 27. Qxd4 Nd7 28. a4 f5 29. exf6 Qxf6 30. Bc3 Qf5 31. a5 bxa5 32. bxa5 Kf7 33. a6 Rgc8 34. a7 Rc4 1-0

[Event "SVR-ch Seniors 33rd"]
[Site "Mendig"]
[Date "2010.03.28"]
[Round "3"]
[White "Lubner, Wolfgang"]
[Black "Karbach, Andreas"]
[Result "0-1"]
[WhiteElo "1765"]
[BlackElo "1581"]
[PlyCount "118"]
[EventDate "2010.03.26"]
[EventType "swiss"]
[EventRounds "7"]
[EventCountry "GER"]
[SourceTitle "EXT 2011"]
[Source "ChessBase"]
[SourceDate "2010.11.26"]
[SourceVersion "1"]
[SourceVersionDate "2010.11.26"]
[SourceQuality "1"]

1. e4 c5 2. Nf3 Nc6 3. d4 cxd4 4. Nxd4 Nf6 5. Nc3 d6 6. Bg5 Nd7 7. Bc4 Nde5 8. Bb3 Bd7 9. h3 Na5 10. Ndb5 f6 11. Be3 a6 12. Na3 Nxb3 13. axb3 e6 14. f4 Nf7 15. Nc4 Be7 16. Bb6 Qb8 17. 0-0 0-0 18. Qd2 Bc6 19. Rad1 Bd8 20. Rf3 Bc7 21. g3 Qd8 22. Bxc7 Qxc7 23. Nxd6 Rad8 24. Rd3 Nxd6 25. Rxd6 Rxd6 26. Qxd6 Qxd6 27. Rxd6 Kf7 28. Kf2 Ke7 29. Rd2 b5 30. Ke3 g6 31. b4 h6 32. Ne2 e5 33. Nc1 f5 34. exf5 exf4+ 35. gxf4 Rxf5 36. Nd3 Bd7 37. Ne5 Be8 38. Ke4 Rh5 39. Rd3 Rh4 40. Ng4 Bd7 41. Rg3 Bf5+ 42. Kd5 Bxg4 43. hxg4 Rh2 44. f5 gxf5 45. gxf5 Kf6 46. Rg6+ Kxf5 47. Rxa6 h5 48. Rc6 Rd2+ 49. Kc5 Rxc2+ 50. Kxb5 Rxc6 51. Kxc6 h4 52. b5 h3 53. b6 h2 54. b7 h1Q+ 55. Kc7 Qc1+ 56. Kb6 Qxb2+ 57. Kc7 Qc3+ 58. Kd8 Qd4+ 59. Kc7 Qc5+ 0-1

[Event "Bad Bertrich Seniors op 17th"]
[Site "Bad Bertrich"]
[Date "2009.12.12"]
[Round "9"]
[White "Karbach, Andreas"]
[Black "Lubner, Wolfgang"]
[Result "1-0"]
[WhiteElo "1581"]
[BlackElo "1680"]
[PlyCount "101"]
[EventDate "2009.12.04"]
[EventType "swiss"]
[EventRounds "9"]
[EventCountry "GER"]
[SourceTitle "EXT 2022"]
[Source "ChessBase"]
[SourceDate "2021.10.06"]
[SourceVersion "1"]
[SourceVersionDate "2021.10.06"]
[SourceQuality "1"]

1. e4 e6 2. Nf3 d5 3. exd5 exd5 4. d4 Nf6 5. Bg5 Be7 6. Bd3 Nbd7 7. 0-0 0-0 8. Nbd2 Re8 9. Re1 Nf8 10. c3 h6 11. Bxf6 Bxf6 12. Qb3 c6 13. Rxe8 Qxe8 14. Re1 Qd8 15. h3 Qb6 16. Qc2 Be6 17. Nb3 Be7 18. Ne5 Qc7 19. Nd2 c5 20. Nef3 cxd4 21. Nxd4 Bf6 22. N2f3 a6 23. a3 b5 24. Qd2 Qd7 25. Kh2 Qd6+ 26. g3 Rd8 27. Bb1 Re8 28. Re2 Qd7 29. Qe1 Rc8 30. Ng1 Qd6 31. Ngf3 Qd7 32. Ng1 Re8 33. f4 Qc8 34. f5 Bd7 35. Rxe8 Bxe8 36. Ngf3 Nd7 37. g4 Kf8 38. h4 Qc7+ 39. Kh3 Bxd4 40. Nxd4 Qf4 41. Qe2 Ne5 42. Ba2 Nc4 43. Bxc4 bxc4 44. Qg2 Qe3+ 45. Qf3 Qxf3+ 46. Nxf3 Bc6 47. Nd4 Bb7 48. Kg3 Ke7 49. Kf4 g6 50. fxg6 fxg6 51. Ke5 1-0

[Event "Bad Bertrich Seniors op 17th"]
[Site "Bad Bertrich"]
[Date "2009.12.08"]
[Round "5"]
[White "Schumacher, Helmut"]
[Black "Lubner, Wolfgang"]
[Result "1-0"]
[WhiteElo "1941"]
[BlackElo "1680"]
[PlyCount "87"]
[EventDate "2009.12.04"]
[EventType "swiss"]
[EventRounds "9"]
[EventCountry "GER"]
[SourceTitle "EXT 2022"]
[Source "ChessBase"]
[SourceDate "2021.10.06"]
[SourceVersion "1"]
[SourceVersionDate "2021.10.06"]
[SourceQuality "1"]

1. d4 Nf6 2. Nc3 e6 3. e4 d5 4. Bg5 Be7 5. e5 Nfd7 6. Bxe7 Qxe7 7. f4 a6 8. Qd2 c5 9. Nf3 Nc6 10. dxc5 Qxc5 11. a3 b5 12. Qf2 Qxf2+ 13. Kxf2 f6 14. exf6 Nxf6 15. Bd3 0-0 16. Rhe1 Ra7 17. Kg1 Re7 18. Re2 h6 19. Rae1 d4 20. Ne4 Ng4 21. Nd6 Bd7 22. Nh4 Rf6 23. Ng6 Ne3 24. Nxe7+ Nxe7 25. c3 Rxf4 26. cxd4 N7d5 27. Rxe3 Nxe3 28. Rxe3 Rxd4 29. Ne4 a5 30. Nc5 Bc8 31. Bxb5 Rd5 32. b4 axb4 33. axb4 Rd1+ 34. Kf2 Rd2+ 35. Kg3 Rd4 36. Re4 Rd2 37. Bc4 Rd6 38. Bxe6+ Bxe6 39. Rxe6 Rd1 40. b5 Kf7 41. Rc6 Rc1 42. b6 Rc3+ 43. Kf4 Rc4+ 44. Ke5 1-0

[Event "Bad Bertrich Seniors op 17th"]
[Site "Bad Bertrich"]
[Date "2009.12.07"]
[Round "4"]
[White "Fleckner, Hans"]
[Black "Lubner, Wolfgang"]
[Result "0-1"]
[WhiteElo "1738"]
[BlackElo "1680"]
[PlyCount "64"]
[EventDate "2009.12.04"]
[EventType "swiss"]
[EventRounds "9"]
[EventCountry "GER"]
[SourceTitle "EXT 2022"]
[Source "ChessBase"]
[SourceDate "2021.10.06"]
[SourceVersion "1"]
[SourceVersionDate "2021.10.06"]
[SourceQuality "1"]

1. e4 e6 2. d4 d5 3. Nd2 Nf6 4. e5 Nfd7 5. Bd3 c5 6. c3 Nc6 7. Ne2 Qb6 8. Nf3 cxd4 9. cxd4 Bb4+ 10. Kf1 h6 11. Be3 Be7 12. b3 Ba3 13. Bc1 Bxc1 14. Rxc1 a6 15. Bb1 0-0 16. h4 f6 17. Qd3 f5 18. Nf4 Ne7 19. Kg1 Re8 20. g4 g6 21. Nxg6 Nxg6 22. gxf5 exf5 23. Rh2 Ndf8 24. h5 Nf4 25. Qe3 Nxh5 26. Rxh5 Qg6+ 27. Kf1 Qxh5 28. Ke2 Ng6 29. Rg1 Kh7 30. Qc1 Re7 31. Rh1 Nf4+ 32. Kd2 Qxf3 0-1

[Event "Bad Bertrich Seniors op 17th"]
[Site "Bad Bertrich"]
[Date "2009.12.04"]
[Round "1"]
[White "Lubner, Wolfgang"]
[Black "Reimann, Guenther"]
[Result "1/2-1/2"]
[WhiteElo "1680"]
[BlackElo "1835"]
[PlyCount "54"]
[EventDate "2009.12.04"]
[EventType "swiss"]
[EventRounds "9"]
[EventCountry "GER"]
[SourceTitle "EXT 2022"]
[Source "ChessBase"]
[SourceDate "2021.10.06"]
[SourceVersion "1"]
[SourceVersionDate "2021.10.06"]
[SourceQuality "1"]

1. e4 e6 2. d4 d5 3. Nc3 Nf6 4. exd5 exd5 5. Bg5 c6 6. Bd3 h6 7. Bd2 Bd6 8. Nf3 0-0 9. 0-0 Re8 10. h3 Nbd7 11. Ne2 Qc7 12. Qc1 Ne4 13. Bf4 Nf8 14. Bxd6 Qxd6 15. Qf4 Re6 16. Qxd6 Rxd6 17. Rfe1 Rf6 18. Bxe4 dxe4 19. Ne5 Rd6 20. c3 g6 21. Ng3 f5 22. f3 exf3 23. Nxf3 Bd7 24. Re7 Re8 25. Rxe8 Bxe8 26. Re1 Re6 27. Rxe6 Nxe6 1/2-1/2

[Event "Bad Breisig Seniors op"]
[Site "Bad Breisig"]
[Date "2009.11.24"]
[Round "4"]
[White "Lubner, Wolfgang"]
[Black "Vorderbruegge, Franz Josef"]
[Result "0-1"]
[WhiteElo "1669"]
[BlackElo "1938"]
[PlyCount "89"]
[EventDate "2009.11.21"]
[EventType "swiss"]
[EventRounds "9"]
[EventCountry "GER"]
[SourceTitle "EXT 2019"]
[Source "ChessBase"]
[SourceDate "2018.10.10"]
[SourceVersion "1"]
[SourceVersionDate "2018.10.10"]
[SourceQuality "1"]

1. e4 c6 2. d4 d5 3. e5 Bf5 4. Nf3 e6 5. Be2 c5 6. c3 Qb6 7. 0-0 Nc6 8. b3 Bg4 9. Be3 Nh6 10. h3 Bxf3 11. Bxf3 Nf5 12. g4 cxd4 13. cxd4 Nfxd4 14. Kg2 Bc5 15. Nc3 Ba3 16. Ne2 Bc5 17. Nc3 Nxf3 18. Na4 Nh4+ 19. Kg3 Qd8 20. Nxc5 Qe7 21. Nd3 d4 22. Bd2 Ng6 23. Qe1 0-0 24. f4 Qh4+ 25. Kg2 Qxe1 26. Raxe1 Nge7 27. b4 a6 28. Rc1 Rfc8 29. Rc2 Na7 30. Rfc1 Rxc2 31. Rxc2 Nd5 32. Rc4 Nc6 33. a4 Rd8 34. Kf3 g6 35. b5 Nb6 36. Rc1 Ne7 37. Ba5 Ned5 38. bxa6 bxa6 39. Rc6 Rb8 40. Bxb6 Rxb6 41. Rc4 Rb1 42. Rxd4 Rh1 43. Nf2 Ra1 44. Nd3 Ra3 45. Kg2 0-1

[Event "Bad Breisig Seniors op"]
[Site "Bad Breisig"]
[Date "2009.11.21"]
[Round "1"]
[White "Durst, Uwe"]
[Black "Lubner, Wolfgang"]
[Result "0-1"]
[WhiteElo "2074"]
[BlackElo "1669"]
[PlyCount "64"]
[EventDate "2009.11.21"]
[EventType "swiss"]
[EventRounds "9"]
[EventCountry "GER"]
[SourceTitle "EXT 2019"]
[Source "ChessBase"]
[SourceDate "2018.10.10"]
[SourceVersion "1"]
[SourceVersionDate "2018.10.10"]
[SourceQuality "1"]

1. f4 e5 2. fxe5 d6 3. exd6 Bxd6 4. Nf3 g5 5. g3 Nc6 6. d3 h6 7. e4 f5 8. Nc3 Nf6 9. Bg2 fxe4 10. dxe4 Bg4 11. Qe2 Qe7 12. Nd5 Nxd5 13. exd5 Qxe2+ 14. Kxe2 Nb4 15. Kd2 Nxd5 16. Re1+ Kd7 17. Ne5+ Bxe5 18. Rxe5 c6 19. c4 Nb6 20. b3 Rhf8 21. Ke3 Rae8 22. Bb2 Kc7 23. h3 Nd7 24. Re4 Rxe4+ 25. Bxe4 Bxh3 26. Bg7 Re8 27. Kd4 c5+ 28. Kd3 Ne5+ 29. Ke3 Re7 30. Bxh6 Ng4+ 31. Kf3 Nxh6 32. Rh1 Rxe4 0-1

[Event "Villa Helenenhof op"]
[Site "Bad Schwalbach"]
[Date "2009.10.16"]
[Round "7"]
[White "Lubner, Wolfgang"]
[Black "Schoknecht, Sabine"]
[Result "0-1"]
[WhiteElo "1656"]
[BlackElo "1543"]
[PlyCount "84"]
[EventDate "2009.10.12"]
[EventType "swiss"]
[EventRounds "9"]
[EventCountry "GER"]
[SourceTitle "CBM 132 Extra"]
[Source "ChessBase"]
[SourceDate "2009.11.03"]
[SourceVersion "1"]
[SourceVersionDate "2009.11.03"]
[SourceQuality "1"]

1. e4 e5 2. f4 exf4 3. Nc3 Qh4+ 4. Ke2 Bc5 5. d4 Bb6 6. Nd5 d6 7. Bxf4 Be6 8. Nf3 Qh5 9. Nxb6 axb6 10. Kf2 Nf6 11. Bd3 Bg4 12. h3 Bxf3 13. Qxf3 Qxf3+ 14. gxf3 Nh5 15. Be3 Nd7 16. f4 0-0-0 17. e5 dxe5 18. dxe5 Nc5 19. Be2 Ne4+ 20. Kg2 Nhg3 21. Bg4+ Kb8 22. Rhd1 h5 23. Bf3 h4 24. Rxd8+ Rxd8 25. Rd1 Rxd1 26. Bxd1 Nf5 27. Bf2 Nxf2 28. Kxf2 Ne7 29. Bf3 c6 30. Be4 Kc7 31. Kf3 Kd7 32. Kg4 Ke6 33. f5+ Kxe5 34. Bd3 b5 35. a3 Nd5 36. c3 Ne3+ 37. Kxh4 Nxf5+ 38. Kg5 Ne3 39. Be2 Nd5 40. Bh5 f6+ 41. Kg6 Nf4+ 42. Kxg7 Nxh5+ 0-1

[Event "Villa Helenenhof op"]
[Site "Bad Schwalbach"]
[Date "2009.10.15"]
[Round "5"]
[White "Kalbhenn, Josef"]
[Black "Lubner, Wolfgang"]
[Result "0-1"]
[WhiteElo "1412"]
[BlackElo "1656"]
[PlyCount "63"]
[EventDate "2009.10.12"]
[EventType "swiss"]
[EventRounds "9"]
[EventCountry "GER"]
[SourceTitle "CBM 132 Extra"]
[Source "ChessBase"]
[SourceDate "2009.11.03"]
[SourceVersion "1"]
[SourceVersionDate "2009.11.03"]
[SourceQuality "1"]

1. d4 c6 2. c4 d5 3. cxd5 cxd5 4. Nc3 e6 5. Nf3 Bd6 6. g3 Nf6 7. Bg2 0-0 8. 0-0 Bd7 9. Qb3 Bc6 10. Bd2 a6 11. Rac1 Nbd7 12. Rfe1 Re8 13. Bg5 h6 14. Bxf6 Nxf6 15. Nd2 Be7 16. e3 Qd7 17. a3 b5 18. Nf3 Bb7 19. Ne5 Qd6 20. Qc2 Rac8 21. Qb1 Nd7 22. Nd3 Qb6 23. b4 Bc6 24. Re2 Rc7 25. Rec2 Rec8 26. Ne2 Qb7 27. Rc3 Nb6 28. Nc5 Qa8 29. Nf4 Bf6 30. Nfd3 Nc4 31. Qc2 Re7 32. f4 0-1

[Event "Villa Helenenhof op"]
[Site "Bad Schwalbach"]
[Date "2009.10.14"]
[Round "4"]
[White "Lubner, Wolfgang"]
[Black "Zech, Christof"]
[Result "1/2-1/2"]
[WhiteElo "1656"]
[BlackElo "1738"]
[PlyCount "147"]
[EventDate "2009.10.12"]
[EventType "swiss"]
[EventRounds "9"]
[EventCountry "GER"]
[SourceTitle "CBM 132 Extra"]
[Source "ChessBase"]
[SourceDate "2009.11.03"]
[SourceVersion "1"]
[SourceVersionDate "2009.11.03"]
[SourceQuality "1"]

1. e4 c6 2. d4 d5 3. e5 Bf5 4. g4 Be4 5. f3 Bg6 6. h4 h6 7. Nc3 e6 8. Bd3 Bxd3 9. Qxd3 Be7 10. h5 Bh4+ 11. Ke2 Be7 12. Nh3 a6 13. a3 c5 14. Be3 cxd4 15. Bxd4 Nc6 16. f4 Qc7 17. Rac1 Rc8 18. Na4 Nxd4+ 19. Qxd4 b5 20. Nc3 Bc5 21. Qd3 Qc6 22. Nf2 Ne7 23. Na2 Qb6 24. Rhf1 Nc6 25. c3 Be7 26. b4 Nb8 27. Nd1 Nd7 28. Ne3 Qb7 29. Rc2 Bd8 30. Nc1 Bb6 31. Nd1 Ba7 32. Nb3 Rc7 33. Nb2 Nb6 34. Nd4 Qc8 35. Rfc1 Ke7 36. Qf3 Nc4 37. Nxc4 Rxc4 38. Qd3 Qc7 39. Kd2 Bb6 40. Ke3 Rc8 41. Kd2 Qd8 42. f5 Kd7 43. fxe6+ fxe6 44. Qg6 Bxd4 45. Qxg7+ Qe7 46. Qxe7+ Kxe7 47. cxd4 Rxd4+ 48. Ke3 Re4+ 49. Kf3 Rcc4 50. Rxc4 bxc4 51. b5 axb5 52. Rb1 Rxe5 53. Rxb5 Kf6 54. a4 Re1 55. a5 Ra1 56. Rc5 Ra3+ 57. Kf2 Kg5 58. Rc6 Rxa5 59. Rxe6 Kxg4 60. Rxh6 d4 61. Rd6 Ra2+ 62. Ke1 Kf3 63. Rxd4 Ke3 64. Rd8 Rh2 65. Kd1 Ke4 66. Re8+ Kd3 67. Rd8+ Kc3 68. Rh8 Kd3 69. Rd8+ Ke4 70. Re8+ Kf5 71. Rf8+ Ke6 72. Re8+ Kf7 73. Re5 Kf6 74. Rc5 1/2-1/2